[Event "Ano Liosia op 10th"]
[Site "Athens"]
[Date "1999.??.??"]
[Round "6"]
[White "Konstantinou, Alexandros"]
[Black "Vul, Arkadi Eremeevich"]
[Result "0-1"]
[WhiteElo "2190"]
[BlackElo "2454"]
[PlyCount "68"]
[EventDate "1999.01.02"]
[EventType "swiss"]
[EventRounds "9"]
[EventCountry "GRE"]
[SourceTitle "EXT 2000"]
[Source "ChessBase"]
[SourceDate "1999.11.16"]
[SourceVersion "1"]
[SourceVersionDate "1999.11.16"]
[SourceQuality "1"]

1. d4 d5 2. c4 e6 3. Nc3 c6 4. e4 dxe4 5. Nxe4 Bb4+ 6. Nc3 c5 7. a3 Ba5 8. Nf3 Nf6 9. Be3 Ne4 10. Rc1 Nxc3 11. bxc3 cxd4 12. Bxd4 0-0 13. Bd3 Nc6 14. 0-0 Qe7 15. Ne5 f5 16. Nxc6 bxc6 17. Qf3 Bb7 18. Qe3 Bc7 19. f4 Rfe8 20. c5 e5 21. fxe5 Bxe5 22. Rxf5 Bxd4 23. Qxd4 Rad8 24. Bc4+ Kh8 25. Qf2 Bc8 26. Rf7 Qg5 27. Rf1 h6 28. h4 Qe5 29. Rxa7 Qxc3 30. Bf7 Rd2 31. Qf4 Ree2 32. Bd5 cxd5 33. Qf8+ Kh7 34. Rxg7+ Qxg7 0-1

[Event "Ano Liosia op"]
[Site "Athens"]
[Date "1997.??.??"]
[Round "8"]
[White "Konstantinou, Alexandros"]
[Black "Miladinovic, Igor"]
[Result "0-1"]
[WhiteElo "2180"]
[BlackElo "2510"]
[PlyCount "80"]
[EventDate "1997.01.??"]
[EventType "swiss"]
[EventRounds "9"]
[EventCountry "GRE"]
[SourceTitle "EXT 1998"]
[Source "ChessBase"]
[SourceDate "1997.11.17"]
[SourceVersion "1"]
[SourceVersionDate "1997.11.17"]
[SourceQuality "1"]

1. d4 d5 2. c4 Nc6 3. cxd5 Qxd5 4. e3 e5 5. Nc3 Bb4 6. Bd2 Bxc3 7. bxc3 Nf6 8. Qb3 Qd6 9. Bb5 0-0 10. Ne2 Be6 11. Qc2 Ne7 12. Bd3 c5 13. dxe5 Qxe5 14. Nf4 c4 15. Bf1 Bf5 16. Qb2 Ned5 17. Ne2 Rfe8 18. Nd4 Be4 19. h3 Rad8 20. Qb5 Rc8 21. a4 a6 22. Qb2 h5 23. a5 h4 24. Ra4 Nh5 25. Qa2 Qe7 26. Rxc4 Nhf4 27. Rxc8 Rxc8 28. Qb3 Nxg2+ 29. Bxg2 Bxg2 30. Rg1 Nf4 31. Kd1 Bd5 32. Qb6 Ng6 33. f4 Bc6 34. Rg5 Bd7 35. Nf5 Bxf5 36. Rxf5 Qd7 37. Qb1 Rc6 38. Ke1 Rd6 39. Rg5 Rxd2 40. f5 Ne5 0-1

[Event "Athens Akropolis op"]
[Site "Athens"]
[Date "1997.??.??"]
[Round "4"]
[White "Konstantinou, Alexandros"]
[Black "Vasovski, Nikola"]
[Result "1/2-1/2"]
[WhiteElo "2180"]
[BlackElo "2345"]
[PlyCount "160"]
[EventDate "1997.??.??"]
[EventType "swiss"]
[EventRounds "9"]
[EventCountry "GRE"]
[SourceTitle "EXT 2001"]
[Source "ChessBase"]
[SourceDate "2000.11.22"]
[SourceVersion "1"]
[SourceVersionDate "2000.11.22"]
[SourceQuality "1"]

1. d4 Nf6 2. c4 c5 3. d5 g6 4. Nc3 d6 5. Nf3 Bg7 6. g3 0-0 7. Bg2 e6 8. 0-0 exd5 9. cxd5 Re8 10. Nd2 a6 11. a4 Nbd7 12. Nc4 Nb6 13. Na3 Bd7 14. a5 Nc8 15. Nc4 Bb5 16. Qb3 Qd7 17. h3 Bxc4 18. Qxc4 Na7 19. Ra3 Nb5 20. Rb3 Nxc3 21. bxc3 Qc7 22. e4 Nd7 23. Bf4 b5 24. Qe2 Rad8 25. Qc2 Ne5 26. Bxe5 Rxe5 27. Ra3 Re7 28. Ra2 c4 29. Kh2 Rf8 30. f4 f5 31. exf5 gxf5 32. h4 Qc5 33. Bh3 Qxd5 34. Rd1 Qe6 35. Qd2 Rd8 36. Bg2 Kh8 37. Rc2 d5 38. Bxd5 Qe3 39. Qg2 Bxc3 40. Qh3 Rf8 41. h5 Rd7 42. h6 Rd6 43. Qh5 Rg6 44. Bf3 Qe6 45. Kg2 Rxh6 46. Qg5 Rg6 47. Qh5 Bxa5 48. Re2 Qf7 49. Re5 c3 50. Rdd5 Rf6 51. Qh1 Bc7 52. Re3 b4 53. Red3 Qg6 54. Bh5 Qh6 55. Qd1 Bxf4 56. gxf4 Rg8+ 57. Kf1 c2 58. Qxc2 Qxh5 59. Qf2 Qh1+ 60. Ke2 Rg2 61. Rd8+ Kg7 62. Rg3+ Rg6 63. Rd7+ Kh6 64. Qxg2 Qxg2+ 65. Rxg2 Rxg2+ 66. Kf3 Ra2 67. Kg3 b3 68. Rb7 b2 69. Kh4 a5 70. Rb6+ Kg7 71. Kg5 Kf7 72. Kxf5 Ke7 73. Ke5 Kd7 74. f5 Kc7 75. Rb5 a4 76. f6 Kc6 77. f7 b1Q 78. Rxb1 Rf2 79. Ke6 Kc5 80. Ke7 h5 1/2-1/2

[Event "Ano Liosia op"]
[Site "Ano Liosia"]
[Date "1996.??.??"]
[Round "5"]
[White "Konstantinou, Alexandros"]
[Black "Cela, Altin"]
[Result "0-1"]
[WhiteElo "2170"]
[BlackElo "2415"]
[PlyCount "128"]
[EventDate "1996.??.??"]
[EventType "swiss"]
[EventRounds "9"]
[EventCountry "GRE"]
[SourceTitle "CBM 051 Extra"]
[Source "ChessBase"]
[SourceDate "1996.05.01"]
[SourceVersion "1"]
[SourceVersionDate "1996.05.01"]
[SourceQuality "1"]

1. d4 Nf6 2. c4 g6 3. Nc3 Bg7 4. e4 0-0 5. f3 d6 6. Be3 e5 7. d5 Nh5 8. Qd2 f5 9. 0-0-0 f4 10. Bf2 Nd7 11. Kb1 Bf6 12. Nge2 Bh4 13. Bg1 b6 14. Nc1 g5 15. Nd3 Rf6 16. Ne2 Rg6 17. g3 fxg3 18. Bh3 Qf8 19. Rf1 Ndf6 20. Bg2 gxh2 21. Bxh2 Qg7 22. Nb4 Qe7 23. Qd3 Bd7 24. Bg1 Rf8 25. Nc2 Nf4 26. Nxf4 gxf4 27. Bh3 Bg3 28. Bxd7 Qxd7 29. Nb4 Ne8 30. Nc6 a5 31. Bf2 Qg7 32. Nd8 Qf6 33. Ne6 Rf7 34. Qd2 Ng7 35. Nxg7 Rfxg7 36. a3 Bxf2 37. Rxf2 Rg1+ 38. Rxg1 Rxg1+ 39. Kc2 Qg5 40. Kb3 h5 41. c5 bxc5 42. Qxa5 Qg3 43. Qxc7 Qxf2 44. Qd8+ Kh7 45. Qd7+ Kh8 46. Qe8+ Kh7 47. Qd7+ Rg7 48. Qf5+ Kh6 49. Qf6+ Rg6 50. Qf8+ Rg7 51. Qf6+ Kh7 52. Qf5+ Rg6 53. Qf7+ Kh6 54. Qf8+ Kg5 55. Qe7+ Rf6 56. Qg7+ Kh4 57. Qxf6+ Kg3 58. Qxd6 Qxf3+ 59. Ka2 Qxe4 60. Qxc5 f3 61. d6 f2 62. d7 f1Q 63. d8Q Qf7+ 64. b3 Qe2+ 0-1